Statistics for Harry Potter quotes

Click here to take the quiz!

General Stats

  • This quiz has been taken 43 times
  • The average score is 7 of 8

Answer Stats

QuoteAnswer% Correct
“It takes a great deal of bravery to stand up to our enemies, but just as much to stand up to our friends.”Albus Dumbledore
100%
“You’re the one who is weak. You will never know love or friendship. And I feel sorry for you.”Harry Potter
100%
“now, I’m going to bed before either of you think of another silly idea to get us killed or worse expelled.”Hermione Granger
100%
“Hello Hagrid. Tell us, have you been setting anything mad and hairy loose in the castle lately?”Ron Weasly
89%
“Look at me. You have your mothers eyes.”Snape
84%
“I’ve always wanted to use that spell.”Professor Mcgonagall
79%
“Those who love us never really leave us. You can always find them in here.” ❤️Sirius Black
66%
“No good sitting worrying about it. What’s coming will come and we’ll meet when it does.”Hagrid
45%

Score Distribution

Percentile by Number Answered

Percent of People with Each Score

Your Score History

You have not taken this quiz